Think First Certificate /

Guía de estudio para presentar el examen para obtener el certificado de inglés como lengua extranjera expedido por la Universidad de Cambridge, el Cambridge First Certificate in English (FCE), que evalúa la capacidad para expresarse oralmente en inglés, para comprender lo escuchado, para escribirlo...

全面介紹

Guardado en:
書目詳細資料
主要作者: Naunton, Jon (autor)
格式: 圖書
語言:英语
出版: Harlow, Inglaterra : Longman, 1996, c1989
主題:
標簽: 添加標簽
沒有標簽, 成為第一個標記此記錄!

MARC

LEADER 00000nam^a2200000^a^4500
001 000319503
005 20250521000000.0
009 20260310113443.693
020 |a 0-582-27628-4 
037 |a Acervo ITESO - Biblioteca 
041 |a ING 
082 |a 425.  |b FCE NAU 
100 |a Naunton, Jon  |e (autor) 
240 1 1 |a [First Certificate in English] 
245 1 0 |a Think First Certificate /  |c J. Naunton. 
264 4 |a Harlow, Inglaterra :  |b Longman,  |c 1996, c1989 
300 |a 240 p. 
336 |a texto  |b txt  |2 rdacontenido 
337 |a sin mediación  |b n  |2 rdamedio 
338 |a volumen  |b nc  |2 rdasoporte 
520 |a Guía de estudio para presentar el examen para obtener el certificado de inglés como lengua extranjera expedido por la Universidad de Cambridge, el Cambridge First Certificate in English (FCE), que evalúa la capacidad para expresarse oralmente en inglés, para comprender lo escuchado, para escribirlo y leerlo, así como los conocimientos de gramática. 
649 |a XX 
650 |a Guía de Estudio 
650 |a Inglés -  |x Estudio y Enseñanza 
650 |a Inglés como Lengua Extranjera -  |x Estudio y Enseñanza -  |x Tema Principal 
650 |a Lenguas Extranjeras -  |x Estudio y Enseñanza 
650 |a Lenguas -  |x Estudio y Enseñanza 
650 |a Comunicación Oral 
650 |a Comunicación Verbal 
650 |a Comunicación Escrita 
650 |a Lingüística 
910 |a Fondo General 
920 |a Impresos - Libros 
930 |a Colección General 
905 |a 101 
901 |a 0500206630  |b IT1  |c ACC  |i D57776  |u 20250521 
902 |a https://opac.biblio.iteso.mx/vufind/Record/000319503